[Event "PRVA LIGA CENTRALNE SRBIJE 2014"]
[Site "Kraljevo"]
[Date "2014.09.20"]
[Round "10.1"]
[White "Nestorovic, Dejan"]
[Black "Manic, Jovica"]
[Result "1-0"]
[WhiteElo "2425"]
[BlackElo "2254"]
[PlyCount "119"]
[EventDate "2014.09.13"]

1. d4 Nf6 2. c4 c5 3. d5 e5 4. Nc3 d6 5. e4 Be7 6. Nf3 Nbd7 7. Be2 Nf8 8. g3
Ng6 9. h4 Bg4 10. Nh2 Bxe2 11. Qxe2 h5 12. Nf1 Nf8 13. Ne3 g6 14. Bd2 a6 15. f4
N6d7 16. Qf2 Bf6 17. a4 b6 18. f5 g5 19. a5 bxa5 20. Ncd1 g4 21. O-O a4 22.
Rxa4 Nb6 23. Ra3 Nfd7 24. b3 Ke7 25. Nb2 Qc7 26. Rfa1 Qb7 27. Nd3 Rhc8 28. Kh2
Rg8 29. Kh1 Rgc8 30. Ba5 Nb8 31. Rb1 N6d7 32. Kg2 Qa7 33. Qd2 Kf8 34. b4 Kg7
35. Rab3 cxb4 36. Rxb4 Kg8 37. c5 Nxc5 38. Nxc5 Qxc5 39. Rc4 Qxc4 40. Nxc4 Rxc4
41. Qh6 Nd7 42. Qxh5 Rxe4 43. Rb4 Bg7 44. Rxe4 Nf6 45. Qg5 Nxe4 46. Qxg4 Nf6
47. Qc4 e4 48. Kh3 Re8 49. g4 Re5 50. Bc3 Rxd5 51. Bxf6 Rd3+ 52. Kg2 Bxf6 53.
g5 Rd2+ 54. Kh3 Rd3+ 55. Kg4 Be5 56. g6 d5 57. Qc8+ Kg7 58. Qd8 Rg3+ 59. Kh5
fxg6+ 60. fxg6 1-0

[Event "PRVA LIGA CENTRALNE SRBIJE 2014"]
[Site "Kraljevo"]
[Date "2014.09.20"]
[Round "10.1"]
[White "Milenkovic, Mladen"]
[Black "Nikolic, Boban"]
[Result "1-0"]
[WhiteElo "2329"]
[BlackElo "2242"]
[PlyCount "143"]
[EventDate "2014.09.13"]

1. e4 d6 2. d4 Nf6 3. Nc3 g6 4. Be3 Bg7 5. Qd2 Ng4 6. Bg5 h6 7. Bh4 g5 8. Bg3
Nc6 9. f3 Nf6 10. O-O-O Nh5 11. Bf2 e5 12. d5 Ne7 13. Kb1 Ng6 14. Nge2 a6 15.
Ng3 Nxg3 16. hxg3 h5 17. Be3 Bf6 18. Ne2 Qe7 19. Nc1 Kf8 20. Be2 Kg7 21. Rh2
Bd7 22. Rdh1 h4 23. gxh4 Rxh4 24. Bd3 Rah8 25. Rxh4 Nxh4 26. Rf1 Ng6 27. g3 Rh3
28. Ne2 Rh2 29. Qe1 Qd8 30. f4 gxf4 31. gxf4 Bh4 32. Qc3 Bg4 33. Nc1 Rh3 34.
Bd2 Rf3 35. Rg1 Bh5 36. f5 Bf2 37. Rg2 Bd4 38. Qb4 Bc5 39. Qxb7 Qh4 40. fxg6
Qh1 41. Rg5 Bxg6 42. Qxc7 Rf2 43. Qa5 Qd1 44. Bb4 Be3 45. Rxg6+ Kxg6 46. a4
Bxc1 47. Ka2 Bxb2 48. Kb3 Qb1 49. Qxa6 Bd4+ 50. Kc4 Qa2+ 51. Kb5 Rf6 52. Qc8
Kg7 53. a5 Rg6 54. a6 Rg1 55. c3 Bf2 56. Qf5 Qd2 57. Kc4 Rg3 58. Bf1 Qe3 59.
Bxd6 Qxc3+ 60. Kb5 Bd4 61. Bb4 Qc7 62. d6 Qb6+ 63. Ka4 Qc6+ 64. Bb5 Qc2+ 65.
Ka5 Rg1 66. Ba4 Qc4 67. Qd7 Bb6+ 68. Kxb6 Qxb4+ 69. Bb5 Rg6 70. Kc7 Rg3 71. Qc6
Rc3 72. a7 1-0

[Event "PRVA LIGA CENTRALNE SRBIJE 2014"]
[Site "Kraljevo"]
[Date "2014.09.20"]
[Round "10.1"]
[White "Organdziev, Oliver"]
[Black "Pejcic, Milutin"]
[Result "1-0"]
[WhiteElo "2302"]
[BlackElo "2135"]
[PlyCount "81"]
[EventDate "2014.09.13"]

1. e4 c5 2. Nf3 e6 3. c3 Nf6 4. Bd3 Nc6 5. O-O Be7 6. Bc2 e5 7. d4 d6 8. h3 O-O
9. Re1 Re8 10. Nbd2 Bf8 11. Nf1 cxd4 12. cxd4 d5 13. exd5 Nb4 14. Ba4 Bd7 15.
Bxd7 Qxd7 16. a3 Nd3 17. Nxe5 Nxe5 18. dxe5 Nxd5 19. Bf4 Rad8 20. Bg3 Qb5 21.
Qe2 Qb6 22. Rad1 Nc7 23. Ne3 Ne6 24. Nf5 Nd4 25. Nxd4 Rxd4 26. Rxd4 Qxd4 27.
Rd1 Qb6 28. Rd7 Re7 29. Rd2 a6 30. Kh2 Qe6 31. Qd3 Qc6 32. Rc2 Qe6 33. Qd8 Re8
34. Qc7 Qe7 35. Qb6 h5 36. Rc7 Qg5 37. h4 Qf5 38. Qxb7 g5 39. Rc4 gxh4 40. Rxh4
Re6 41. Qe4 1-0

[Event "PRVA LIGA CENTRALNE SRBIJE 2014"]
[Site "Kraljevo"]
[Date "2014.09.20"]
[Round "10.2"]
[White "Atalik, Suat"]
[Black "Pancevski, Filip"]
[Result "1-0"]
[WhiteElo "2549"]
[BlackElo "2469"]
[PlyCount "37"]
[EventDate "2014.09.13"]

1. d4 d5 2. c4 dxc4 3. e4 b5 4. a4 c6 5. axb5 cxb5 6. Nc3 a6 7. Nxb5 axb5 8.
Rxa8 Bb7 9. Rxb8 Qxb8 10. f3 e5 11. b3 Bb4+ 12. Kf2 exd4 13. bxc4 Qa7 14. cxb5
d3+ 15. Be3 Qa2+ 16. Ne2 dxe2 17. Bxe2 Nf6 18. Qd4 Qa3 19. Qe5+ 1-0

[Event "PRVA LIGA CENTRALNE SRBIJE 2014"]
[Site "Kraljevo"]
[Date "2014.09.20"]
[Round "10.2"]
[White "Dezelin, Milan"]
[Black "Nenezic, Marko"]
[Result "1/2-1/2"]
[WhiteElo "2261"]
[BlackElo "2424"]
[PlyCount "53"]
[EventDate "2014.09.13"]

1. e4 c5 2. Nf3 d6 3. d4 cxd4 4. Nxd4 Nf6 5. Nc3 a6 6. Be2 e6 7. Be3 Qc7 8. g4
b5 9. g5 Nfd7 10. a3 Bb7 11. h4 Nb6 12. Rh3 N8d7 13. f4 Nc5 14. Bd3 Nba4 15.
Nxa4 Nxa4 16. Bc1 Be7 17. Qe2 Nc5 18. Bd2 Rc8 19. Bb4 g6 20. h5 Rg8 21. hxg6
hxg6 22. Nf3 d5 23. e5 Na4 24. O-O-O Bxb4 25. axb4 Nxb2 26. Kxb2 Qc3+ 27. Kc1
1/2-1/2

[Event "PRVA LIGA CENTRALNE SRBIJE 2014"]
[Site "Kraljevo"]
[Date "2014.09.20"]
[Round "10.2"]
[White "Marinkovic, Ivan"]
[Black "Zajic, Milan"]
[Result "1/2-1/2"]
[WhiteElo "2448"]
[BlackElo "2426"]
[PlyCount "51"]
[EventDate "2014.09.13"]

1. e4 e6 2. d4 d5 3. Nd2 c5 4. exd5 Qxd5 5. Ngf3 cxd4 6. Bc4 Qd6 7. O-O Nf6 8.
Nb3 Nc6 9. Nbxd4 Nxd4 10. Qxd4 Qxd4 11. Nxd4 Bd7 12. Be2 Bc5 13. Nb3 Bb6 14. a4
a6 15. Bf3 O-O-O 16. Re1 Nd5 17. Bxd5 exd5 18. Be3 Bc7 19. Bd4 f6 20. a5 Rde8
21. Re3 Rxe3 22. Bxe3 Re8 23. Nd4 Re4 24. c3 h5 25. b4 Be5 26. Re1 1/2-1/2

[Event "PRVA LIGA CENTRALNE SRBIJE 2014"]
[Site "Kraljevo"]
[Date "2014.09.20"]
[Round "10.2"]
[White "Mladenovic, Stefan"]
[Black "Pavlovic, Dejan S"]
[Result "1-0"]
[WhiteElo "2336"]
[BlackElo "2407"]
[PlyCount "131"]
[EventDate "2014.09.13"]

1. d4 d5 2. c4 c6 3. Nf3 Nf6 4. e3 Bf5 5. Nc3 e6 6. Nh4 Bg6 7. Nxg6 hxg6 8. g3
Nbd7 9. Qb3 Qc7 10. Bg2 Be7 11. Bd2 O-O 12. O-O dxc4 13. Qxc4 e5 14. Rac1 Rad8
15. Rfe1 Qb8 16. Qb3 Rfe8 17. Ne4 Nxe4 18. Bxe4 Kf8 19. Ba5 Rc8 20. Bg2 b6 21.
Bc3 exd4 22. exd4 Bd6 23. Rxe8+ Kxe8 24. Re1+ Kf8 25. d5 c5 26. Qa4 Rd8 27. Qh4
Kg8 28. Bh3 Nf8 29. Qe4 Qc7 30. Bf1 Rd7 31. Qe8 Re7 32. Rxe7 Bxe7 33. Bc4 Qd7
34. Bb5 Qd6 35. Qa8 Qc7 36. Bd2 Bd6 37. Bg5 Be5 38. Qe8 f6 39. Be3 Qd6 40. b3
Kh7 41. Qf7 a5 42. Bd3 Kh8 43. Kf1 Bd4 44. Bf4 Be5 45. Bd2 Kh7 46. h4 Kh8 47.
Be3 Bd4 48. Bf4 Be5 49. Bxe5 fxe5 50. Qe8 Kh7 51. Qc6 Qd8 52. h5 Kh6 53. Bxg6
Kg5 54. d6 Qf6 55. Qc7 Qf3 56. Qe7+ Kh6 57. Qxe5 Nxg6 58. hxg6 Qd1+ 59. Kg2
Kxg6 60. Qe6+ Kh7 61. d7 Qd3 62. Qe8 Qd5+ 63. Kh2 Qf3 64. d8=Q Qxf2+ 65. Kh3
Qf5+ 66. Kh4 1-0

[Event "PRVA LIGA CENTRALNE SRBIJE 2014"]
[Site "Kraljevo"]
[Date "2014.09.20"]
[Round "10.2"]
[White "Djokic, Nenad"]
[Black "Cvetanovic, Uros"]
[Result "1-0"]
[WhiteElo "2329"]
[BlackElo "2323"]
[PlyCount "75"]
[EventDate "2014.09.13"]

1. d4 Nf6 2. Nf3 c5 3. d5 b5 4. Bg5 Qb6 5. a4 b4 6. a5 Qd6 7. Bxf6 Qxf6 8. c3
g5 9. e4 Bg7 10. Qc2 O-O 11. Bd3 d6 12. O-O Ba6 13. Bxa6 Nxa6 14. Nfd2 Rab8 15.
Nc4 Nc7 16. Qd3 Rfd8 17. Rc1 bxc3 18. bxc3 g4 19. Ne3 h5 20. Nf5 e6 21. Nxg7
Kxg7 22. Nd2 exd5 23. exd5 Qg6 24. Ne4 Re8 25. Re1 Re5 26. c4 Rbe8 27. Qc3 Kh7
28. Ng3 h4 29. Rxe5 Rxe5 30. Nf1 Qe4 31. Ra3 Na6 32. h3 gxh3 33. Qxh3 Qxc4 34.
Rf3 Qxd5 35. Qxh4+ Rh5 36. Qe7 Kg7 37. Rg3+ Kh7 38. Qf6 1-0

[Event "PRVA LIGA CENTRALNE SRBIJE 2014"]
[Site "Kraljevo"]
[Date "2014.09.20"]
[Round "10.2"]
[White "Djordjevic, Vuk"]
[Black "Simonovic, Aleksandar"]
[Result "0-1"]
[WhiteElo "2265"]
[BlackElo "2364"]
[PlyCount "74"]
[EventDate "2014.09.13"]

1. e4 e6 2. d4 d5 3. Nc3 Bb4 4. e5 c5 5. a3 Bxc3+ 6. bxc3 Ne7 7. Qg4 O-O 8. Bd3
f5 9. exf6 Rxf6 10. Bg5 Rf7 11. Qh4 h6 12. Bxe7 Qxe7 13. Qxe7 Rxe7 14. Ne2 e5
15. dxe5 Rxe5 16. c4 d4 17. Kd2 Nc6 18. Ng3 Bd7 19. f4 Re7 20. Ne4 b6 21. Rae1
Rae8 22. g4 Kf8 23. h3 Na5 24. Rhf1 Nxc4+ 25. Bxc4 Rxe4 26. Rxe4 Rxe4 27. Rf3
Bc6 28. g5 b5 29. Bd3 Re7 30. Rg3 c4 31. Bg6 Be4 32. gxh6 gxh6 33. f5 Kg7 34.
Be8+ Kf6 35. Bxb5 c3+ 36. Kd1 Kxf5 37. Be2 Bxc2+ 0-1

[Event "PRVA LIGA CENTRALNE SRBIJE 2014"]
[Site "Kraljevo"]
[Date "2014.09.20"]
[Round "10.3"]
[White "Radovanovic, Nikola"]
[Black "Djukic, Zeljko"]
[Result "1/2-1/2"]
[WhiteElo "2348"]
[BlackElo "2367"]
[PlyCount "33"]
[EventDate "2014.09.13"]

1. d4 d5 2. c4 dxc4 3. e3 a6 4. Bxc4 Nf6 5. Nf3 e6 6. O-O c5 7. Qe2 Nc6 8. Rd1
cxd4 9. Nc3 b5 10. Bb3 Be7 11. exd4 Na5 12. Bc2 Bb7 13. Bg5 O-O 14. Ne5 Rc8 15.
Rd3 b4 16. Rg3 g6 17. Bxf6 1/2-1/2

[Event "PRVA LIGA CENTRALNE SRBIJE 2014"]
[Site "Kraljevo"]
[Date "2014.09.20"]
[Round "10.3"]
[White "Ilic, Zoran S"]
[Black "Jovanovic, Bojan P"]
[Result "1/2-1/2"]
[WhiteElo "2289"]
[BlackElo "2257"]
[PlyCount "28"]
[EventDate "2014.09.13"]

1. Nf3 d5 2. d4 e6 3. c4 Nf6 4. Nc3 Be7 5. g3 dxc4 6. Bg2 Nbd7 7. O-O a6 8. Qa4
O-O 9. Nd2 e5 10. d5 Ne8 11. Nxc4 Nd6 12. Nxd6 cxd6 13. b3 f5 14. Ba3 Nf6
1/2-1/2

[Event "PRVA LIGA CENTRALNE SRBIJE 2014"]
[Site "Kraljevo"]
[Date "2014.09.20"]
[Round "10.3"]
[White "Radovic, Luka"]
[Black "Mitrovic, Darko R"]
[Result "1/2-1/2"]
[WhiteElo "2210"]
[BlackElo "2263"]
[PlyCount "24"]
[EventDate "2014.09.13"]

1. Nf3 Nf6 2. g3 d5 3. Bg2 c6 4. O-O Bf5 5. d3 h6 6. Nbd2 Nbd7 7. Qe1 e5 8. e4
dxe4 9. dxe4 Be6 10. b3 Qc7 11. Bb2 Bc5 12. Qe2 O-O 1/2-1/2

[Event "PRVA LIGA CENTRALNE SRBIJE 2014"]
[Site "Kraljevo"]
[Date "2014.09.20"]
[Round "10.3"]
[White "Stojiljkovic, Stefan"]
[Black "Radovic, Janko"]
[Result "1/2-1/2"]
[WhiteElo "2120"]
[BlackElo "2125"]
[PlyCount "25"]
[EventDate "2014.09.13"]

1. d4 Nf6 2. Nf3 g6 3. g3 Bg7 4. Bg2 O-O 5. O-O d5 6. c4 c6 7. cxd5 cxd5 8. Nc3
Nc6 9. Ne5 e6 10. Nxc6 bxc6 11. Qc2 Nd7 12. Rd1 Nb6 13. Na4 1/2-1/2

[Event "PRVA LIGA CENTRALNE SRBIJE 2014"]
[Site "Kraljevo"]
[Date "2014.09.20"]
[Round "10.3"]
[White "Lazic, Dragoljub"]
[Black "Stankovic, Dejan"]
[Result "1/2-1/2"]
[WhiteElo "2254"]
[BlackElo "2260"]
[PlyCount "47"]
[EventDate "2014.09.13"]

1. e4 c6 2. d4 d5 3. Nd2 dxe4 4. Nxe4 Nf6 5. Nxf6+ exf6 6. Bc4 Qe7+ 7. Qe2 Be6
8. Bb3 Bxb3 9. axb3 Qxe2+ 10. Nxe2 Bd6 11. Bf4 Bxf4 12. Nxf4 O-O 13. O-O Rd8
14. Rfe1 Kf8 15. c3 Na6 16. Nd3 Nc7 17. Nc5 b6 18. Na6 Ne6 19. Rxe6 fxe6 20.
Nc7 Ke7 21. Nxa8 Rxa8 22. Ra6 Kd6 23. b4 Kd5 24. Kf1 1/2-1/2

[Event "PRVA LIGA CENTRALNE SRBIJE 2014"]
[Site "Kraljevo"]
[Date "2014.09.20"]
[Round "10.4"]
[White "Parligras, Mircea-Emilian"]
[Black "Milanovic, Slavisa"]
[Result "1/2-1/2"]
[WhiteElo "2578"]
[BlackElo "2418"]
[PlyCount "89"]
[EventDate "2014.09.13"]

1. d4 Nf6 2. c4 e6 3. Nc3 Bb4 4. e3 b6 5. Nge2 Ba6 6. a3 Bxc3+ 7. Nxc3 d5 8.
Qf3 O-O 9. g4 c6 10. b3 Nbd7 11. g5 Ne8 12. cxd5 Bxf1 13. dxc6 Ba6 14. cxd7
Qxd7 15. Qxa8 Bb7 16. Qxa7 Qc6 17. Kd2 Qxh1 18. Qxb6 Qg2 19. Kc2 Qxf2+ 20. Bd2
Qf5+ 21. e4 Bxe4+ 22. Kb2 Bd3 23. d5 exd5 24. Re1 d4 25. Qxd4 Nc7 26. Re5 Qg6
27. Nd5 Nxd5 28. Rxd5 Bb1 29. Ka1 Qc2 30. Qb2 Qc6 31. Rd4 Bf5 32. Bc3 h6 33. h4
Rc8 34. Rc4 Qh1+ 35. Ka2 Rxc4 36. bxc4 Qxh4 37. gxh6 Qxc4+ 38. Qb3 Qe2+ 39. Qb2
Be6+ 40. Ka1 Qxb2+ 41. Kxb2 gxh6 42. Kc2 Kh7 43. Kd3 Kg6 44. Ke4 h5 45. Kf4
1/2-1/2

[Event "PRVA LIGA CENTRALNE SRBIJE 2014"]
[Site "Kraljevo"]
[Date "2014.09.20"]
[Round "10.4"]
[White "Lapcevic, Milos"]
[Black "Perunovic, Miodrag"]
[Result "1/2-1/2"]
[WhiteElo "2377"]
[BlackElo "2415"]
[PlyCount "87"]
[EventDate "2014.09.13"]

1. d4 g6 2. c4 Bg7 3. e4 d6 4. Nc3 Nc6 5. Be3 e5 6. d5 Nce7 7. h4 f5 8. exf5
gxf5 9. f4 Nf6 10. Be2 O-O 11. Qd2 Ng4 12. Bxg4 fxg4 13. fxe5 Nf5 14. Bg5 Qe8
15. Nge2 Bxe5 16. O-O-O Bd7 17. Rde1 Qf7 18. Bf4 Bg7 19. Ng3 a6 20. Nxf5 Bxf5
21. Bh6 b5 22. Rhf1 bxc4 23. Qg5 Qg6 24. Qxg6 Bxg6 25. Bxg7 Kxg7 26. Nd1 Rae8
27. Rxe8 Rxf1 28. Re7+ Rf7 29. Re6 h5 30. Kd2 Bf5 31. Re8 Bd3 32. Ne3 Rf2+ 33.
Kc3 Re2 34. Re7+ Kf6 35. Re6+ Kf7 36. b3 cxb3 37. axb3 Bb5 38. Kd4 Rd2+ 39. Ke4
Bd3+ 40. Kf4 Bc2 41. Nxc2 Rxc2 42. Rh6 Rf2+ 43. Kg5 Rxg2 44. Rh7+ 1/2-1/2

[Event "PRVA LIGA CENTRALNE SRBIJE 2014"]
[Site "Kraljevo"]
[Date "2014.09.20"]
[Round "10.4"]
[White "Radovanovic, Dusan"]
[Black "Blesic, Vaso"]
[Result "0-1"]
[WhiteElo "2394"]
[BlackElo "2366"]
[PlyCount "70"]
[EventDate "2014.09.13"]

1. d4 Nf6 2. Bg5 e6 3. e3 h6 4. Bh4 c5 5. c3 Be7 6. Bxf6 gxf6 7. Nd2 d5 8. Qh5
Nd7 9. Ngf3 Qb6 10. Rb1 f5 11. Ne5 Nxe5 12. dxe5 Bd7 13. Be2 Qa5 14. O-O Qxa2
15. c4 Bc6 16. Bf3 Rd8 17. Ra1 Qxb2 18. cxd5 exd5 19. e6 Qf6 20. exf7+ Qxf7 21.
Qh3 Qf6 22. Rxa7 O-O 23. Nb3 Ra8 24. Rxa8 Rxa8 25. Rd1 Ra3 26. Nc1 Ra1 27. Qg3+
Kh7 28. Qc7 Qd6 29. Qc8 Qd7 30. Qxd7 Bxd7 31. Bxd5 Ba4 32. Re1 b5 33. f4 c4 34.
Kf2 Bb4 35. Rf1 Bd2 0-1

[Event "PRVA LIGA CENTRALNE SRBIJE 2014"]
[Site "Kraljevo"]
[Date "2014.09.20"]
[Round "10.4"]
[White "Ivanovic, Dragutin"]
[Black "Marcetic, Nikola"]
[Result "0-1"]
[WhiteElo "2339"]
[BlackElo "2389"]
[PlyCount "164"]
[EventDate "2014.09.13"]

1. d4 d5 2. c4 c6 3. cxd5 cxd5 4. Nc3 Nf6 5. Bf4 Nc6 6. e3 Bf5 7. Qb3 Na5 8.
Qa4+ Bd7 9. Bb5 e6 10. Nf3 a6 11. Bxd7+ Nxd7 12. Bg5 f6 13. Bf4 b5 14. Qd1 Bb4
15. O-O Bxc3 16. bxc3 Nc4 17. Qe2 Ndb6 18. g4 Na4 19. Rac1 Rc8 20. g5 f5 21. g6
hxg6 22. Kh1 Nd6 23. Rg1 Nxc3 24. Qe1 Nce4 25. Rxc8 Qxc8 26. Rxg6 Nf7 27. Ne5
Nxe5 28. Bxe5 Qc2 29. Rg2 Rh3 30. f3 Qc3 31. Qe2 Nf6 32. Rxg7 Nd7 33. Bf4 Rh8
34. Bg5 Qc1+ 35. Kg2 Qc7 36. f4 Kf8 37. Re7 Qc6 38. h4 Nf6 39. Bxf6 Rg8+ 40.
Bg5 Rxg5+ 41. fxg5 Kxe7 42. h5 Kf7 43. Qf2 b4 44. Kh3 Qc1 45. Kg2 Qd1 46. Qf3
Qc2+ 47. Kf1 Qb1+ 48. Kf2 Qxa2+ 49. Kg3 Qb1 50. Kh2 Qc2+ 51. Kg1 b3 52. g6+ Ke7
53. g7 b2 54. g8=Q b1=Q+ 55. Qf1 Qxf1+ 56. Kxf1 Qd1+ 57. Kf2 Qxh5 58. Qb8 Qh4+
59. Ke2 Qe4 60. Kf2 Qc2+ 61. Kf3 Qc6 62. Qa7+ Kf6 63. Qb8 Qd7 64. Qf8+ Qf7 65.
Qd8+ Kg7 66. Kf4 Qf6 67. Qd7+ Kh6 68. Qe8 a5 69. Qa8 Qh4+ 70. Kf3 Qg4+ 71. Kf2
f4 72. Qh8+ Kg6 73. Qg8+ Kf5 74. Qf7+ Ke4 75. Qh7+ Qf5 76. Qh1+ Kd3 77. Qd1+
Kc3 78. Qa1+ Kb3 79. Qxa5 fxe3+ 80. Kxe3 Qe4+ 81. Kf2 Qxd4+ 82. Ke2 e5 0-1

[Event "PRVA LIGA CENTRALNE SRBIJE 2014"]
[Site "Kraljevo"]
[Date "2014.09.20"]
[Round "10.4"]
[White "Radivojevic, Ivan"]
[Black "Ratkovic, Milovan"]
[Result "1-0"]
[WhiteElo "2365"]
[BlackElo "2315"]
[PlyCount "125"]
[EventDate "2014.09.13"]

1. e4 c6 2. d4 d5 3. Nc3 dxe4 4. Nxe4 Bf5 5. Ng3 Bg6 6. h4 h6 7. Nf3 Nd7 8. h5
Bh7 9. Bd3 Bxd3 10. Qxd3 e6 11. Bf4 Ngf6 12. O-O-O Be7 13. Kb1 O-O 14. Ne4 Nxe4
15. Qxe4 Nf6 16. Qe2 Qd5 17. Ne5 Qe4 18. Qxe4 Nxe4 19. Nd3 Rfd8 20. c3 Rd5 21.
f3 Nf6 22. g4 Nd7 23. Be3 b5 24. Rhg1 e5 25. Nxe5 Nxe5 26. dxe5 Rxe5 27. Bf4
Re2 28. Rge1 Rxe1 29. Rxe1 Kf8 30. Kc2 Rd8 31. Re4 Bd6 32. Be3 a6 33. c4 Be7
34. Bd4 Rd7 35. Bc3 g6 36. Rd4 Rxd4 37. Bxd4 gxh5 38. gxh5 f5 39. Kd3 Kf7 40.
Be3 Bf8 41. cxb5 axb5 42. b3 c5 43. a4 c4+ 44. Kc3 Bg7+ 45. Kd2 bxa4 46. bxa4
Ke6 47. a5 Kd5 48. a6 Kc6 49. Kc2 Kc7 50. Kb1 Kc6 51. Ka2 Kc7 52. Ka3 Kc6 53.
Kb4 c3 54. Kb3 Kc7 55. Kc2 Kc6 56. Kd3 Kc7 57. Bf2 Kc6 58. Bc5 Kc7 59. Bb4 c2
60. Kxc2 Kb6 61. Kd3 Kxa6 62. Kc4 Kb6 63. Kd5 1-0

[Event "PRVA LIGA CENTRALNE SRBIJE 2014"]
[Site "Kraljevo"]
[Date "2014.09.20"]
[Round "10.4"]
[White "Sandic, Vladeta"]
[Black "Zivkovic, Ivan B"]
[Result "1/2-1/2"]
[WhiteElo "2335"]
[BlackElo "2325"]
[PlyCount "32"]
[EventDate "2014.09.13"]

1. d4 Nf6 2. c4 g6 3. Nc3 Bg7 4. e4 d6 5. h3 O-O 6. Nf3 e5 7. d5 Nh5 8. Nh2 Qe8
9. Be2 f5 10. O-O Nf4 11. Bf3 Na6 12. Be3 g5 13. exf5 Bxf5 14. Be4 Bd7 15. a3
Kh8 16. b4 Bf6 1/2-1/2

[Event "PRVA LIGA CENTRALNE SRBIJE 2014"]
[Site "Kraljevo"]
[Date "2014.09.20"]
[Round "10.5"]
[White "Jovanovic, Dusan D"]
[Black "Arandjelovic, Aleksandar Z"]
[Result "1-0"]
[WhiteElo "2401"]
[BlackElo "2068"]
[PlyCount "138"]
[EventDate "2014.09.13"]

1. Nf3 Nf6 2. c4 g6 3. Nc3 Bg7 4. e4 d6 5. d4 O-O 6. h3 a6 7. Be3 Nbd7 8. Be2
e5 9. d5 Qe7 10. g4 Kh8 11. Nd2 c5 12. h4 Ng8 13. Nf1 f5 14. h5 f4 15. hxg6 h6
16. Bd2 Bf6 17. Nh2 Bg5 18. Nf3 Kg7 19. Nxg5 Qxg5 20. Qc2 Ndf6 21. O-O-O Bd7
22. Rdg1 Rfb8 23. f3 b5 24. Nd1 Qxg6 25. Nf2 Nh7 26. Nd3 Rf8 27. Rh2 Ng5 28.
Rgh1 bxc4 29. Ne1 Qe8 30. Bc3 a5 31. Qd1 Ba4 32. Qd2 Bd7 33. Nc2 Bb5 34. Na3
Ba6 35. Rh5 Rf6 36. Bxa5 c3 37. Bxc3 Bxe2 38. Qxe2 Ra4 39. Kd2 Rg6 40. Rc1 Nf6
41. Rxg5 hxg5 42. Rh1 Rh6 43. Rxh6 Kxh6 44. Nc4 Qd8 45. a3 Kg6 46. b4 cxb4 47.
Bxb4 Ne8 48. Qh2 Ng7 49. Kc3 Qc7 50. Kb3 Ra6 51. Qe2 Qb7 52. Qh2 Qb5 53. Qe2
Kf6 54. Qh2 Kg6 55. Kc3 Qb8 56. Qe2 Kf6 57. Nxe5 Rxa3+ 58. Bxa3 dxe5 59. Qa6+
Kf7 60. Bb4 Qc7+ 61. Kd2 Qb8 62. Kc3 Qc7+ 63. Kd2 Qb8 64. Bc3 Qb1 65. Bxe5 Ne8
66. Qe6+ Kf8 67. Qf5+ Ke7 68. d6+ Nxd6 69. Bxd6+ Kxd6 1-0

[Event "PRVA LIGA CENTRALNE SRBIJE 2014"]
[Site "Kraljevo"]
[Date "2014.09.20"]
[Round "10.5"]
[White "Djokic, Nebojsa"]
[Black "Stojanovic, Dobrisav"]
[Result "1-0"]
[WhiteElo "2180"]
[BlackElo "2367"]
[PlyCount "215"]
[EventDate "2014.09.13"]

1. e4 e5 2. Nf3 Nc6 3. Bb5 a6 4. Ba4 Nf6 5. O-O Be7 6. Re1 b5 7. Bb3 d6 8. c3
O-O 9. d4 Bg4 10. Be3 Na5 11. dxe5 Bxf3 12. Qxf3 dxe5 13. Bc2 Nc4 14. Bc1 Qd7
15. b3 Nd6 16. Nd2 c5 17. Ba3 Rfc8 18. Rad1 Qe6 19. Nf1 b4 20. Bb2 Nb5 21. c4
Nd4 22. Qd3 Nh5 23. Ne3 Nf4 24. Qf1 Qg6 25. Kh1 Nfe6 26. Nd5 Bg5 27. Bb1 Ra7
28. Qd3 Qh5 29. Rf1 a5 30. g3 Qh6 31. Kg2 a4 32. h4 Bd8 33. Bc1 Qg6 34. Kh3 h5
35. f3 axb3 36. axb3 Rca8 37. Rd2 Ra1 38. Rg2 Qh7 39. Bb2 R1a6 40. f4 f6 41. f5
Nf8 42. g4 Nxb3 43. g5 fxg5 44. hxg5 Nd4 45. Kh2 h4 46. Qd1 h3 47. Rg3 Qh4 48.
Rg4 Qh5 49. Rfg1 Ra2 50. Bxa2 Rxa2 51. Nf6+ Bxf6 52. gxf6 Rxb2+ 53. Kh1 g6 54.
Rxg6+ Qxg6 55. fxg6 Rf2 56. Rf1 Rxf1+ 57. Qxf1 Nxg6 58. Qa1 Kf7 59. Qa7+ Kxf6
60. Qxc5 b3 61. Qb6+ Kg5 62. c5 Ne7 63. Qd8 Ndc6 64. Qd2+ Kg4 65. Qd1+ Kf4 66.
Qxb3 Kxe4 67. Qc4+ Nd4 68. Kh2 Nec6 69. Kxh3 Kf4 70. Qd3 Nf3 71. Qd6 Nfd4 72.
Kg2 Ke3 73. Qh6+ Kd3 74. Kf2 Kc4 75. Qc1+ Kd3 76. Qf1+ Kd2 77. Qe1+ Kd3 78.
Qf1+ Kd2 79. Qc4 e4 80. Qa2+ Kd3 81. Qa6+ Kd2 82. Qa2+ Kd3 83. Qb1+ Kc4 84.
Qxe4 Kxc5 85. Ke3 Kc4 86. Qd3+ Kd5 87. Qa6 Ke5 88. Qc4 Nf5+ 89. Kd3 Ncd4 90.
Qc5+ Kf4 91. Qc7+ Kf3 92. Qe5 Kg4 93. Ke4 Kg5 94. Qf4+ Kf6 95. Qg4 Kf7 96. Ke5
Ke7 97. Qg8 Kd7 98. Qd5+ Kc7 99. Qc5+ Kd7 100. Kd5 Kd8 101. Qa7 Kc8 102. Qf7
Kd8 103. Kc5 Kc8 104. Qe8+ Kc7 105. Kd5 Kb7 106. Qd7+ Kb6 107. Kc4 Ka6 108. Qc7
1-0

[Event "PRVA LIGA CENTRALNE SRBIJE 2014"]
[Site "Kraljevo"]
[Date "2014.09.20"]
[Round "10.5"]
[White "Panic, Nenad"]
[Black "Djukic, Slobodan D"]
[Result "1-0"]
[WhiteElo "2346"]
[BlackElo "2195"]
[PlyCount "35"]
[EventDate "2014.09.13"]

1. b3 d5 2. Bb2 c5 3. e3 Nc6 4. f4 Nf6 5. Nf3 Bf5 6. Bb5 Qb6 7. a4 e6 8. Ne5
Rd8 9. O-O Nd7 10. Nxd7 Rxd7 11. g4 Be4 12. d3 c4 13. Qe2 cxb3 14. dxe4 bxc2
15. Nc3 d4 16. a5 Qc5 17. Na4 Qb4 18. exd4 1-0

[Event "PRVA LIGA CENTRALNE SRBIJE 2014"]
[Site "Kraljevo"]
[Date "2014.09.20"]
[Round "10.5"]
[White "Madjar, Stanislav"]
[Black "Ilic, Dragan M"]
[Result "1/2-1/2"]
[WhiteElo "2162"]
[BlackElo "2365"]
[PlyCount "25"]
[EventDate "2014.09.13"]

1. c4 e6 2. Nf3 f5 3. g3 Nf6 4. Bg2 d5 5. O-O c6 6. b3 Be7 7. Bb2 O-O 8. e3 a5
9. d3 a4 10. Nbd2 Na6 11. Ne5 Nc5 12. Qc1 Bd7 13. Bc3 1/2-1/2

[Event "PRVA LIGA CENTRALNE SRBIJE 2014"]
[Site "Kraljevo"]
[Date "2014.09.20"]
[Round "10.5"]
[White "Zivkovic, Vladislav"]
[Black "Mickovic, Slavisa"]
[Result "1/2-1/2"]
[WhiteElo "2201"]
[BlackElo "2104"]
[PlyCount "29"]
[EventDate "2014.09.13"]

1. Nf3 c6 2. b3 Nf6 3. Bb2 g6 4. g3 Bg7 5. Bg2 O-O 6. O-O Re8 7. c4 d5 8. d3
Nbd7 9. cxd5 cxd5 10. Nbd2 e5 11. e4 d4 12. Nc4 Bf8 13. a4 b6 14. Ba3 Bxa3 15.
Rxa3 1/2-1/2

[Event "PRVA LIGA CENTRALNE SRBIJE 2014"]
[Site "Kraljevo"]
[Date "2014.09.20"]
[Round "10.5"]
[White "Ilic, Aleksandar"]
[Black "Popovic, Milan S"]
[Result "1-0"]
[WhiteElo "2114"]
[BlackElo "2211"]
[PlyCount "97"]
[EventDate "2014.09.13"]

1. e4 d6 2. d4 Nf6 3. Nc3 e5 4. dxe5 dxe5 5. Qxd8+ Kxd8 6. Bg5 c6 7. Bc4 Ke8 8.
Nf3 Bd6 9. O-O-O Bc7 10. Nh4 Ng4 11. h3 Nf6 12. Bxf6 gxf6 13. Nf5 b5 14. Bb3 a5
15. a4 b4 16. Ne2 Bxf5 17. exf5 Ke7 18. Bc4 Rf8 19. Ng3 Nd7 20. Ne4 Rad8 21.
Ba6 Bb6 22. Rd6 Nb8 23. Rxd8 Rxd8 24. Be2 Nd7 25. Rd1 Bd4 26. b3 Nc5 27. Rxd4
Nxb3+ 28. cxb3 Rxd4 29. f3 h5 30. g4 hxg4 31. hxg4 Rd8 32. Nd2 Rd5 33. Kc2 Kf8
34. Bd3 Rd7 35. Be4 Ra7 36. Nc4 Ra6 37. Kd3 Ke7 38. Nd2 Kd6 39. Ke3 Ra7 40. Bd3
Ke7 41. Ne4 Ra8 42. g5 fxg5 43. f6+ Ke6 44. Bc4+ Kf5 45. Bxf7 g4 46. Bc4 Rh8
47. f7 gxf3 48. Nc5 f2 49. Kxf2 1-0

[Event "PRVA LIGA CENTRALNE SRBIJE 2014"]
[Site "Kraljevo"]
[Date "2014.09.20"]
[Round "10.6"]
[White "Marjanovic, Slavoljub"]
[Black "Iordachescu, Viorel"]
[Result "0-1"]
[WhiteElo "2473"]
[BlackElo "2603"]
[PlyCount "104"]
[EventDate "2014.09.13"]

1. e4 c6 2. d4 d5 3. Nd2 dxe4 4. Nxe4 Bf5 5. Nc5 b6 6. Nb3 e6 7. Nf3 Bd6 8. g3
Ne7 9. Bg2 h6 10. O-O Nd7 11. Qe2 O-O 12. c4 a5 13. Be3 a4 14. Nbd2 Bh7 15.
Rac1 Bc7 16. Rfd1 Qb8 17. Nb1 Nf6 18. Nfd2 Rd8 19. Nc3 Ra5 20. b4 axb3 21. axb3
Bg6 22. h3 b5 23. cxb5 cxb5 24. b4 Ra3 25. Qxb5 Ned5 26. Qxb8 Bxb8 27. Nxd5
Nxd5 28. Nc4 Nxe3 29. Nxe3 Ba7 30. Nc4 Ra2 31. Rd2 Rxd2 32. Nxd2 Rxd4 33. Rc7
Bb6 34. Rc8+ Kh7 35. Nc4 Rd1+ 36. Bf1 Bd4 37. Kg2 Be4+ 38. f3 Bd5 39. Be2 Rg1+
40. Kh2 Ra1 41. Nd2 Ra2 42. Rc2 Rxc2 43. Bd3+ f5 44. Bxc2 Bc3 45. Nb1 Bxb4 46.
f4 g5 47. fxg5 hxg5 48. g4 Kg6 49. gxf5+ exf5 50. Kg1 Kf6 51. Kf2 Ke5 52. Bd3
Be4 0-1